| 000 | 00738cam a22002051 4500 | ||
|---|---|---|---|
| 001 | sa 65000373 | ||
| 003 | DLC | ||
| 005 | 20260227112102.0 | ||
| 008 | 890913s1964 io 000 0 ind | ||
| 010 | _asa 65000373 | ||
| 035 | _a(OCoLC)23536954 | ||
| 040 |
_aDLC _cMiU _dDLC |
||
| 042 | _apremarc | ||
| 050 | 0 | 0 |
_aDS644.2.1964 _b.S82 |
| 100 | 0 |
_aSoekarno, _d1901-1970. |
|
| 245 | 1 | 0 |
_aDjadikan Indonesia Poros The New Emerging Forces! _bAmanat pada resepsi penutupan Kongres Persatuan Wanita Kristen Indonesia pada tanggal 28 Februari 1964, _cdi Istana Olahraga Gelora Bung Karno, Senajan, Djakarta. |
| 260 |
_a[Djakarta] _bDepartemen Penerangan _c[cover 1964] |
||
| 300 |
_a14 p. _bport. _c21 cm. |
||
| 500 | _a"Penerbitan chusus, 304." | ||
| 999 |
_c61527 _d61527 |
||